000 00397 a2200169 4500
001 191551
020 _a85-08-08964-3
040 _cMagnum
100 _aBrezina, Thomas
240 1 0 _aO fantasma no campo de futebol
_lpor
245 1 0 _aO fantasma no campo de futebol
300 _a86
362 0 _a2006
440 1 _aÁtica
697 _aLITERATURA INFANTO-JUVENIL ESTRANGEIRA
942 _cBK
999 _c191551
_d191551